00974 2200313 4500001002100000005001500021035002000036007000300056008004100059020002200100082001800122084002000140100002900160245012000189250003000309300003800339650001300377700002600390504003200416264003800448336002100486337003000507338002300537040002200560090002200582850001200604999002200616990002200638INLIS00000000087798720230413021002 a0010-0423000287ta230413s2023 yoia g ind d a978-623-466-221-404223a570.15195 a570.15195 WID p0 aWidya WisantyePengarang10aPenggunaan biometric iris sebagai salah satu sistem keamanan dengan menggunakan kamera /cWidya Wisanty, Nur Fuadah aCetakan Pertama, Mei 2023 avi, 97 halaman :bgambar ;c20 cm 4aBiometri0 aNur FuadahePengarang aBibliografi : halaman 62-6431aSleman :bZahir Publishing,c2023 2rdacontentateks 2rdamediaatanpa perantara 2rdacarrieravolume aYOPDYOGbinderda aCB-D.11 2023-0265 aYOPDYOG aCB-D.11/2023-0265 aCB-D.11/2023-0265